=LDR 00000nam 2200000 4500 =001 INLIS000000000035135 =005 20130612141019 =008 ************************************* =035 ##$$0010-061300000035135 =082 ##$$a 658.001 =090 ##$$a 658.001, Sia f =100 ##$$a Sondang P.Siagan =245 ##$$a filsafat administrasi , edisi revisi, Sondang P Siagian =260 ##$$a bumi aksarac2003 $b Jakarta =300 ##$$a xii, 133 hlm, ilus, 21 cm =650 ##$$a Filsafat Administrasi =850 ##$$a NBPNMAT =990 ##$$a 21400613/BPAP-NTB/20142014 =990 ##$$a 0001/BPAP-NTB/20142015 =990 ##$$a 0001/BPAP-NTB/2016